[Event "BL2 Sued 1920 (Women)"]
[Site "Germany"]
[Date "2019.12.15"]
[Round "4.2"]
[White "Siegl, Melina"]
[Black "Khrapko, Marharyta"]
[Result "0-1"]
[WhiteElo "2018"]
[BlackElo "2060"]
[PlyCount "94"]
[EventDate "2019.09.14"]
[EventType "team-tourn"]
[EventRounds "7"]
[EventCountry "GER"]
[SourceTitle "EXT 2021"]
[Source "ChessBase"]
[SourceDate "2020.10.23"]
[SourceVersion "1"]
[SourceVersionDate "2020.10.23"]
[SourceQuality "1"]
[WhiteTeam "Stuttgart Wolfbusch (W)"]
[BlackTeam "Bayern Muenchen (W)"]
[WhiteTeamCountry "GER"]
[BlackTeamCountry "GER"]

1. e4 c5 2. Nf3 Nc6 3. g3 Nf6 4. d3 d5 5. e5 Ng4 6. Qe2 h5 7. h3 Nh6 8. Bg2 g6 9. Bf4 Bg7 10. Nc3 Nf5 11. Qd2 Be6 12. 0-0 Nfd4 13. Ng5 Bxe5 14. Rae1 Bf6 15. Nxe6 fxe6 16. Na4 e5 17. Bg5 Ne6 18. h4 Bxg5 19. hxg5 Qd6 20. Nc3 Nc7 21. a4 a6 22. a5 h4 23. g4 h3 24. Bf3 Nd4 25. Bd1 0-0-0 26. Qe3 Nc6 27. Na4 Ne6 28. Nb6+ Kb8 29. c4 d4 30. Qd2 Rdf8 31. Re4 Nf4 32. Bf3 h2+ 33. Kh1 Rh3 34. Be2 Ka7 35. Na4 Nb4 36. f3 Nc6 37. Rf2 Nd8 38. Bf1 Rh4 39. Qe1 Nc6 40. Rxh2 Rxh2+ 41. Kxh2 Ne6 42. Qd2 Rxf3 43. Nb6 Qd8 44. Bg2 Rf7 45. Re1 Qh8+ 46. Kg3 e4 47. Rxe4 Qb8+ 0-1

[Event "GER-ch rapid (Women) 45th"]
[Site "Neumarkt in der Oberpfalz"]
[Date "2019.09.22"]
[Round "6"]
[White "Siegl, Melina"]
[Black "Stangl, Anita"]
[Result "0-1"]
[WhiteElo "2018"]
[BlackElo "2011"]
[PlyCount "39"]
[EventDate "2019.09.21"]
[EventType "swiss"]
[EventRounds "9"]
[EventCountry "GER"]
[SourceTitle "EXT 2020"]
[Source "ChessBase"]
[SourceDate "2019.10.17"]
[SourceVersion "1"]
[SourceVersionDate "2019.10.17"]
[SourceQuality "1"]

1. e4 e6 2. d3 d5 3. Nd2 b6 4. g3 Bb7 5. Bg2 Nf6 6. Qe2 d4 7. Ngf3 c5 8. e5 Nfd7 9. Ne4 Nc6 10. Bf4 h6 11. h4 Nb4 12. a3 Nd5 13. Bd2 Qc7 14. c4 dxc3 15. Nxc3 Be7 16. 0-0 Nxc3 17. bxc3 0-0-0 18. c4 Rdg8 19. d4 cxd4 20. Nxd4 0-1

[Event "GER-ch blitz (Women)"]
[Site "Magdeburg"]
[Date "2019.05.25"]
[Round "15"]
[White "Schulze, Lara"]
[Black "Siegl, Melina"]
[Result "0-1"]
[WhiteElo "2160"]
[BlackElo "2029"]
[PlyCount "55"]
[EventDate "2019.05.25"]
[EventType "tourn (blitz)"]
[EventRounds "29"]
[EventCountry "GER"]
[SourceTitle "CBM 190 Extra"]
[Source "ChessBase"]
[SourceDate "2019.07.15"]
[SourceVersion "1"]
[SourceVersionDate "2019.07.15"]
[SourceQuality "1"]

1. e4 c5 2. Nf3 e6 3. d4 cxd4 4. Nxd4 Nf6 5. Nc3 a6 6. e5 Ng8 7. Be2 d6 8. Nf3 Nc6 9. Bg5 Qc7 10. exd6 Bxd6 11. 0-0 h6 12. Bh4 Nge7 13. Ne4 Bf4 14. g3 Ng6 15. gxf4 Nxh4 16. Nd6+ Ke7 17. Nxc8+ Raxc8 18. Nxh4 Qxf4 19. Ng2 Qg5 20. f4 Qc5+ 21. Kh1 Nd4 22. c3 Nf5 23. Bf3 Rc7 24. Qe2 g5 25. Rad1 Rg8 26. Be4 Nd6 27. Bf3 g4 28. Bxg4 0-1

[Event "BL2 Sued 1819 (Women)"]
[Site "Germany"]
[Date "2019.01.13"]
[Round "7.2"]
[White "Siegl, Melina"]
[Black "Dellert, Lena"]
[Result "1-0"]
[WhiteElo "2012"]
[BlackElo "1870"]
[PlyCount "63"]
[EventDate "2018.10.27"]
[EventType "team-tourn"]
[EventRounds "7"]
[EventCountry "GER"]
[SourceTitle "CBM 190 Extra"]
[Source "ChessBase"]
[SourceDate "2019.07.15"]
[SourceVersion "1"]
[SourceVersionDate "2019.07.15"]
[SourceQuality "1"]
[WhiteTeam "Stuttgart Wolfbusch (W)"]
[BlackTeam "Wadgassen/Differten (W)"]
[WhiteTeamCountry "GER"]
[BlackTeamCountry "GER"]

1. e4 e6 2. d3 d5 3. Nd2 Nf6 4. Ngf3 c5 5. g3 Nc6 6. Bg2 Be7 7. 0-0 0-0 8. c3 b5 9. e5 Nd7 10. Re1 Qb6 11. Nf1 a5 12. h4 c4 13. d4 b4 14. Ng5 bxc3 15. bxc3 a4 16. Qg4 Nd8 17. Bf3 f5 18. Qh5 h6 19. Kg2 Nf7 20. Nh3 Nb8 21. Nf4 Qc6 22. Ne3 Rd8 23. Rb1 Na6 24. g4 fxg4 25. Nxg4 Qe8 26. Nf6+ Bxf6 27. exf6 Nd6 28. Qg4 Nf5 29. Nxd5 Ra7 30. Nf4 Rf7 31. Nh5 Nc7 32. Be4 1-0

[Event "BL2 Sued 1819 (Women)"]
[Site "Germany"]
[Date "2018.11.17"]
[Round "3.3"]
[White "Braun, Kristin"]
[Black "Siegl, Melina"]
[Result "1/2-1/2"]
[WhiteElo "1909"]
[BlackElo "2004"]
[PlyCount "33"]
[EventDate "2018.10.27"]
[EventType "team-tourn"]
[EventRounds "7"]
[EventCountry "GER"]
[SourceTitle "CBM 190 Extra"]
[Source "ChessBase"]
[SourceDate "2019.07.15"]
[SourceVersion "1"]
[SourceVersionDate "2019.07.15"]
[SourceQuality "1"]
[WhiteTeam "Augsburg (W)"]
[BlackTeam "Stuttgart Wolfbusch (W)"]
[WhiteTeamCountry "GER"]
[BlackTeamCountry "GER"]

1. d4 Nf6 2. c4 g6 3. Nc3 Bg7 4. Nf3 0-0 5. e4 d6 6. Be2 Nc6 7. d5 Ne5 8. Nxe5 dxe5 9. 0-0 e6 10. dxe6 Bxe6 11. Qxd8 Rfxd8 12. Bg5 c6 13. f3 h6 14. Be3 b6 15. b3 Bf8 16. Rfd1 Nd7 17. Rac1 1/2-1/2

[Event "GER-chT Federal Cup (Women)"]
[Site "Braunfels"]
[Date "2018.06.03"]
[Round "5.2"]
[White "Siegl, Melina"]
[Black "Jelica, Mara"]
[Result "0-1"]
[WhiteElo "1998"]
[BlackElo "2159"]
[PlyCount "66"]
[EventDate "2018.05.31"]
[EventType "team-swiss"]
[EventRounds "5"]
[EventCountry "GER"]
[SourceTitle "EXT 2020"]
[Source "ChessBase"]
[SourceDate "2019.10.17"]
[SourceVersion "1"]
[SourceVersionDate "2019.10.17"]
[SourceQuality "1"]
[WhiteTeam "Bayern (W)"]
[BlackTeam "Wuerttemberg (W)"]
[WhiteTeamCountry "GER"]
[BlackTeamCountry "GER"]

1. e4 c5 2. Nf3 Nc6 3. g3 g6 4. Bg2 Bg7 5. d3 d6 6. 0-0 h5 7. h3 Bd7 8. c3 Nf6 9. Be3 c4 10. Ng5 cxd3 11. f4 Nh7 12. Nxh7 Rxh7 13. Qxd3 Qc8 14. Kh2 f5 15. Nd2 h4 16. Rf3 Qc7 17. Bf2 0-0-0 18. Qe3 Rdh8 19. Rd1 Kb8 20. b4 e5 21. Nc4 hxg3+ 22. Rxg3 exf4 23. Qxf4 Ne5 24. Nxd6 Ng4+ 25. Rxg4 fxg4 26. Bxa7+ Ka8 27. Rd5 Qxc3 28. Ra5 Rxh3+ 29. Bxh3 Qxh3+ 30. Kg1 Qh1+ 31. Kf2 Rh2+ 32. Ke3 Qc1+ 33. Kd3 Qxf4 0-1

[Event "BL2 Sued 1718 (Women)"]
[Site "Germany"]
[Date "2018.02.17"]
[Round "6.3"]
[White "Siegl, Melina"]
[Black "Chaus, Maria"]
[Result "1-0"]
[WhiteElo "1988"]
[BlackElo "1693"]
[PlyCount "83"]
[EventDate "2017.10.14"]
[EventType "team-tourn"]
[EventRounds "7"]
[EventCountry "GER"]
[SourceTitle "EXT 2019"]
[Source "ChessBase"]
[SourceDate "2018.10.10"]
[SourceVersion "1"]
[SourceVersionDate "2018.10.10"]
[SourceQuality "1"]
[WhiteTeam "Stuttgart Wolfbusch (W)"]
[BlackTeam "Forstenried (W)"]
[WhiteTeamCountry "GER"]
[BlackTeamCountry "GER"]

1. e4 c6 2. Nc3 d5 3. Nf3 Bg4 4. h3 Bxf3 5. Qxf3 e6 6. d3 Nf6 7. e5 Nfd7 8. Qg3 d4 9. Ne2 Qa5+ 10. Bd2 Bb4 11. c3 dxc3 12. bxc3 Qxe5 13. f4 Qf6 14. Qf3 Ba5 15. Rb1 Nb6 16. d4 N8d7 17. Ng3 Qd8 18. Bd3 Qc7 19. 0-0 0-0-0 20. Ne4 Nd5 21. Rb3 N5f6 22. Nf2 Qd6 23. Rfb1 b6 24. Be3 Nd5 25. Ne4 Qc7 26. Ba6+ Kb8 27. Bc1 N7f6 28. Nc5 Rd6 29. Nb7 Nxc3 30. Nxa5 Nxb1 31. Rxb1 Rd5 32. Nc4 Rxd4 33. Be3 Rd3 34. Ne5 Rc3 35. Bxb6 axb6 36. Qxc3 c5 37. Bb5 Nd5 38. Qf3 Nb4 39. a3 Nd5 40. Bc6 Nxf4 41. Qxf4 f6 42. Nd7+ 1-0

[Event "Landesliga Nord 1718"]
[Site "Bayern"]
[Date "2017.10.22"]
[Round "1.6"]
[White "Mittag, Ralf"]
[Black "Siegl, Melina"]
[Result "0-1"]
[WhiteElo "2088"]
[BlackElo "2054"]
[PlyCount "50"]
[EventDate "2017.10.22"]
[EventType "team-tourn"]
[EventRounds "9"]
[EventCountry "GER"]
[SourceTitle "EXT 2022"]
[Source "ChessBase"]
[SourceDate "2021.10.06"]
[SourceVersion "1"]
[SourceVersionDate "2021.10.06"]
[SourceQuality "1"]
[WhiteTeam "Bamberg SC"]
[BlackTeam "Nuernberg Sued SW"]
[WhiteTeamCountry "GER"]
[BlackTeamCountry "GER"]

1. c4 e5 2. Nc3 d6 3. g3 g6 4. Bg2 Bg7 5. e4 c6 6. Nge2 h5 7. h3 Nh6 8. d3 Nd7 9. Be3 Nf8 10. Qd2 Be6 11. 0-0 Qd7 12. Kh2 f5 13. exf5 gxf5 14. Bg5 Ng6 15. h4 Nf7 16. f4 Nxg5 17. fxg5 0-0-0 18. Rab1 Rdf8 19. b4 f4 20. Ne4 fxg3+ 21. Kxg3 Bf5 22. Nf2 e4 23. d4 d5 24. Nf4 Nxf4 25. Qxf4 e3 0-1

[Event "Nuremberg Zabo op 19th"]
[Site "Nuremberg"]
[Date "2017.09.17"]
[Round "4"]
[White "Siegl, Melina"]
[Black "Ruderer, Thomas"]
[Result "1-0"]
[WhiteElo "1988"]
[BlackElo "1672"]
[PlyCount "25"]
[EventDate "2017.09.15"]
[EventType "swiss"]
[EventRounds "5"]
[EventCountry "GER"]
[SourceTitle "EXT 2022"]
[Source "ChessBase"]
[SourceDate "2021.10.06"]
[SourceVersion "1"]
[SourceVersionDate "2021.10.06"]
[SourceQuality "1"]

1. e4 d6 2. d4 g6 3. f4 Bg7 4. Nf3 Nf6 5. Bd3 Nbd7 6. c3 c5 7. e5 dxe5 8. dxe5 Ng4 9. Ng5 h6 10. Ne6 fxe6 11. Bxg6+ Kf8 12. Qxg4 Qb6 13. Na3 1-0

[Event "BL2 Sued 1617 (Women)"]
[Site "Germany"]
[Date "2017.03.26"]
[Round "7.3"]
[White "Siegl, Melina"]
[Black "Nobis, Anna"]
[Result "1-0"]
[WhiteElo "1961"]
[BlackElo "1851"]
[PlyCount "39"]
[EventDate "2016.10.22"]
[EventType "team-tourn"]
[EventRounds "7"]
[EventCountry "GER"]
[SourceTitle "EXT 2018"]
[Source "ChessBase"]
[SourceDate "2017.10.13"]
[SourceVersion "1"]
[SourceVersionDate "2017.10.13"]
[SourceQuality "1"]
[WhiteTeam "Stuttgart Wolfbusch (W)"]
[BlackTeam "Niederwiesa (W)"]
[WhiteTeamCountry "GER"]
[BlackTeamCountry "GER"]

1. e4 c5 2. Nf3 Nc6 3. Nc3 d6 4. d4 cxd4 5. Nxd4 e5 6. Nf5 Bxf5 7. exf5 Nf6 8. Bg5 Be7 9. Bxf6 Bxf6 10. Nd5 0-0 11. c3 Bg5 12. h4 Be7 13. Bd3 Re8 14. Be4 Bf8 15. f6 gxf6 16. Qh5 h6 17. Rh3 Bg7 18. Rg3 Ne7 19. Nxe7+ Rxe7 20. Qxh6 1-0